Repercusión mediática y defensa consular de extranjeros en los casos criminales : el caso "Cassez", ¿Francia vs. México? /
Guardado en:
| Autor Principal: | |
|---|---|
| Formato: | Libro |
| Idioma: | Undetermined |
| Publicado: |
Buenos Aires :
Ad-Hoc,
2013.
|
| Edición: | 1a. ed. |
| Series: | Monografías Ad-Hoc, derecho constitucional ;
42 |
| Materias: | |
| Etiquetas: |
Agregar Etiqueta
Sin Etiquetas, Sea el primero en etiquetar este registro!
|
| LEADER | 00602nam a22001695a 4500 | ||
|---|---|---|---|
| 001 | DER.der015190 | ||
| 008 | 250516s2013####ag############000#0#und#d | ||
| 005 | 20250516152445.0 | ||
| 245 | 1 | 0 | |a Repercusión mediática y defensa consular de extranjeros en los casos criminales : |b el caso "Cassez", ¿Francia vs. México? / |c Esteban Righi. |
| 250 | |a 1a. ed. | ||
| 260 | |a Buenos Aires : |b Ad-Hoc, |c 2013. | ||
| 300 | |a 98 p. | ||
| 490 | 1 | |a Monografías Ad-Hoc, derecho constitucional ; |v 42 | |
| 020 | |a 9789508949608 | ||
| 100 | 1 | |a Righi, Esteban. | |
| 650 | 7 | |a DERECHO PENAL | |
| 859 | |a DERECHO |b BIB. DERECHO |h 345 |i RIG |p 0010586 | ||
